| 000 | 01081nam0a2200337 4500 | ||
|---|---|---|---|
| 001 | RU\NLR\bibl\241339 | ||
| 005 | 20250619113843.0 | ||
| 010 |
_a5-86567-033-9 _93000 |
||
| 021 |
_aRU _b2001-43420 _92074 |
||
| 035 | _a(NLR Aleph) 000237218 | ||
| 090 |
_a1381751 _c1381751 |
||
| 100 | _a20020305d2001 |||y0rusy50 ca | ||
| 101 | 1 |
_arus _ceng |
|
| 102 | _aRU | ||
| 105 | _ay ||||||||| | ||
| 200 | 1 |
_aПособие Ernst and Young по составлению бизнес-плана _e[Пер. с англ.] _fЭрик С. Зигель |
|
| 210 |
_aМ. _cМТ-Пресс _d2001 |
||
| 215 |
_a222 с. _d20 |
||
| 606 | 0 |
_aБизнес-планы _91161262 _3RU\NLR\auth\66147003 |
|
| 610 | 0 | _aБизнес-план - Составление | |
| 675 |
_a658.012 _v3 _zrus |
||
| 686 |
_a06.81 _2rugasnti |
||
| 686 |
_a65.290-2 _2rubbk |
||
| 686 | _aУ23(0)24 | ||
| 700 | 1 |
_aЗигель _bЭ. С. _gЭрик С. _4070 |
|
| 801 | 0 |
_aRU _bRKP _c20020305 _gPSBO |
|
| 801 | 1 |
_aRU _bRKP _c20020305 |
|
| 801 | 2 |
_aRU _bNLR _c20020419 _grcr |
|
| 942 | _cBOOK | ||
| 980 | _aNB | ||